Mummies / (Record no. 2908)

MARC details
000 -LEADER
fixed length control field 00973cam a2200289 a 4500
005 - DATE AND TIME OF LATEST TRANSACTION
control field 20240123102630.0
020 ## - INTERNATIONAL STANDARD BOOK NUMBER
International Standard Book Number 9780448413259
040 ## - CATALOGING SOURCE
Original cataloging agency DLC
Transcribing agency DLC
Modifying agency DLC
Language of cataloging eng
050 00 - LIBRARY OF CONGRESS CALL NUMBER
Classification number DT62.M7
Item number 1996
082 00 - DEWEY DECIMAL CLASSIFICATION NUMBER
Classification number 932
100 1# - MAIN ENTRY--PERSONAL NAME
Personal name Milton, Joyce
245 10 - TITLE STATEMENT
Title Mummies /
Statement of responsibility, etc. by Joyce Milton ; illustrated by Susan Swan.
250 ## - EDITION STATEMENT
Edition statement First published in 1996
260 ## - PUBLICATION, DISTRIBUTION, ETC.
Place of publication, distribution, etc. New York :
Name of publisher, distributor, etc. Penguins Group,
Date of publication, distribution, etc. 1996
300 ## - PHYSICAL DESCRIPTION
Extent 48 pages :
Other physical details color illustrations ;
Dimensions 24 cm.
490 ## - SERIES STATEMENT
Series statement Penguin young readers
Volume/sequential designation Book 3
505 ## - FORMATTED CONTENTS NOTE
Formatted contents note N <br/>
520 ## - SUMMARY, ETC.
Summary, etc. Explains the Egyptian pharaohs' beliefs about life after death, details the technique of mummification, and describes pyramids as burial places.
521 ## - TARGET AUDIENCE NOTE
Target audience note 530 <br/>
Source Lexile <br/>
521 ## - TARGET AUDIENCE NOTE
Target audience note N <br/>
Source Raz-Plus <br/>
650 #0 - SUBJECT ADDED ENTRY--TOPICAL TERM
Topical term or geographic name entry element Mummies
Geographic subdivision Egypt
Form subdivision Juvenile literature.
650 #1 - SUBJECT ADDED ENTRY--TOPICAL TERM
Topical term or geographic name entry element Mummies.
700 1# - ADDED ENTRY--PERSONAL NAME
Personal name Swan, Susan
Dates associated with a name 1944-
Relator term illustrator
906 ## - LOCAL DATA ELEMENT F, LDF (RLIN)
a 7
b cbc
c orignew
d 1
e ocip
f 19
g y-gencatlg
942 ## - ADDED ENTRY ELEMENTS (KOHA)
Source of classification or shelving scheme Dewey Decimal Classification
Koha item type Books
Suppress in OPAC No
999 ## -
-- 2908
-- 2908
Holdings
Withdrawn status Lost status Source of classification or shelving scheme Damaged status Not for loan Collection Home library Current library Shelving location Date acquired Total Checkouts Full call number Barcode Date last seen Date last checked out Price effective from Koha item type
    Dewey Decimal Classification     Non-Fiction Footprints International School Library Network Toul Kork Campus Footprints International School Library Network Toul Kork Campus   01/23/2024 3 MIL 932 DT62.M7 FIS03075 05/05/2025 04/28/2025 01/23/2024 Books